000 00631nam a2200193 a 4500
001 21763
003 CO-ViMGA
008 141112s2004 ck r 000 u spa d
020 _a9681657985
040 _aCO-ViMGA
_bspa
_cCO-ViMGA
082 0 4 _aMURu
100 1 _aMurail, Marie - Aude
_93281
245 1 0 _aUn domingo con los dinosaurios
260 _aMexico :
_bFondo de cultura economica,
_c1998
300 _a43
590 _aForma de adquisición : Donación fact. 8863 - - Precio : 13000 - - Proveedor : Fundación exito - - Fecha de adquisición : Julio 2007
650 1 4 _aCUENTOS INFANTILES FRANCESES
_92812
942 _2ddc
_cBK
999 _c9845
_d9845